00563nam a22002057a 450000500170000001000230001702000260004003500170006603500130008303500140009603700130011003700130012308200060013610000180014224500650016026000360022527000590026130000210032070000160034120170818105058.0 a1617EN ENG-117343 a9789385755330c299.00 aB-650828-849 aB-664685 aEN-100875 adplbBSB bDBAD/PUB aS aGodden, Rumer aIndian dust : cby Rumer Godden [and] Jon Goddenbstories /  aNew DelhibSpeaking Tigerc2016 a4381/4, Ansari Road, Darya Ganj, b New Delhi e110002 a218p.c20cm(pbk) aGodden,Jon